10 Najwartościowszych Amerykanów - Statystyki

Ogólne statystyki
  • Ten quiz został rozwiązany 37 razy
  • Średni wynik to 3 z 10
Statystyki odpowiedzi
Wartość Piłkarz % Poprawnych
54 mln Pulisic
100%
20 mln McKennie
41%
12 mln Brooks
34%
7,2 mln Weah
34%
18 mln Dest
31%
13,5 mln Reyna
31%
6 mln Steffen
31%
6,5 mln Yedlin
22%
11,5 mln Adams
3%
6,7 mln Sargent
3%
Nie znaleziono quizów pasujących do podanych kryteriów
Rozkład punktacji
Procent ludzi z każdym wynikiem
Percentyl według liczby udzielonych odpowiedzi
Twoja historia wyników
Nie rozwiązałeś tego quizu